000
00211nam a2200097Ia 4500
008
240331s9999 xx 000 0 und d
082
_a
300
_b
DEA
100
_a
Sage. ed
245
0
_a
Devalopment and chenge
942
_c
L
999
_c
972
_d
972